| 000 | 00589nam a2200205 a 4500 | ||
|---|---|---|---|
| 001 | BRCA_1084 | ||
| 005 | 20190320203254.0 | ||
| 008 | 880927s1987 sp-a---##b---#000-0#spa-# | ||
| 020 | _a8437606799 | ||
| 040 |
_aDLC _cDLC _dDLC |
||
| 050 | 4 |
_aNK2600 _b.A38 1987 |
|
| 100 | 1 |
_aAguiló Alonso, María Paz _93566 |
|
| 245 | 1 | 0 |
_aEl mueble clásico español _cMaría Paz Aguiló. |
| 260 |
_aMadrid _bCátedra _c1987 |
||
| 300 |
_a237 p. _bil. _c18 cm. |
||
| 440 | 0 |
_aCuadernos Arte Cátedra _v22 _93567 |
|
| 504 | _aBibliografía: p. 231-237 | ||
| 650 | 1 | 4 |
_aMuebles _zEspaña _93568 |
| 942 |
_2lcc _cB |
||
| 999 |
_c963 _d963 |
||